Rediscovering fire (Record no. 116627)
[ view plain ]
| 000 -LEADER | |
|---|---|
| fixed length control field | 02103nam a2200409 a 4500 |
| 082 04 - DEWEY DECIMAL CLASSIFICATION NUMBER | |
| Classification number | 330.947/084 |
| 100 1# - MAIN ENTRY--AUTHOR NAME | |
| Personal name | Nell, Guinevere Liberty, |
| 245 10 - TITLE STATEMENT | |
| Title | Rediscovering fire |
| 260 ## - PUBLICATION, DISTRIBUTION, ETC. (IMPRINT) | |
| Place of publication | New York : |
| Name of publisher | Algora Pub., |
| Year of publication | c2010. |
| 300 ## - PHYSICAL DESCRIPTION | |
| Number of Pages | xvi, 322 p. |
| 505 0# - FORMATTED CONTENTS NOTE | |
| Formatted contents note | The real benefits of competition -- The dynamics of unemployment and efficiency -- The holistic target : the value of profit and loss for the firm -- The rat race : the value of profit and loss for the economy -- Middlemen, trade, and the market system -- The high price of price control -- The root of all prosperity : money and the danger of centralized monetary policy -- Regulation and the institutions of a dynamic economy -- Democracy and freedom -- Corporate capitalism or the free market. |
| 650 #0 - SUBJECT ADDED ENTRY--TOPICAL TERM | |
| Topical Term | Mixed economy |
| Topical Term | Central planning |
| 856 40 - ELECTRONIC LOCATION AND ACCESS | |
| Uniform Resource Identifier | http://site.ebrary.com/lib/rucke/Doc?id=10476819 |
No items available.
